Die Konsumgenossenschaftsbewegung in Frankreich und in Den Vereinigten Staaten Von Amerika. - der Internationale Genossenschaftsbund : Mit Einem Schlußwort Von Robert Wilbrandt. Untersuchungen über Konsumvereine. Hrsg. Von Carl Johannes Fuchs - Robert Wilbrandt. Die Konsumvereinsbewegung in Den Einzelnen ländern. Fünfter Teil. (Schriften des Vereins Für Sozialpolitik 150-V).

Bibliographic Details
Main Author: Wilbrandt, Robert.
Other Authors: Fuchs, Carl Johannes.
Format: eBook
Language:German
Published: Berlin : Duncker & Humblot, 2014.
Edition:1st ed.
Series:Duncker and Humblot Reprints Series
Subjects:
Online Access:Click to View
LEADER 02328nam a22004093i 4500
001 EBC7101381
003 MiAaPQ
005 20240729202204.0
006 m o d |
007 cr cnu||||||||
008 240729s2014 xx o ||||0 ger d
020 |a 9783428574629  |q (electronic bk.) 
020 |z 9783428174621 
035 |a (MiAaPQ)EBC7101381 
035 |a (Au-PeEL)EBL7101381 
035 |a (OCoLC)1347024967 
040 |a MiAaPQ  |b eng  |e rda  |e pn  |c MiAaPQ  |d MiAaPQ 
100 1 |a Wilbrandt, Robert. 
245 1 4 |a Die Konsumgenossenschaftsbewegung in Frankreich und in Den Vereinigten Staaten Von Amerika. - der Internationale Genossenschaftsbund :  |b Mit Einem Schlußwort Von Robert Wilbrandt. Untersuchungen über Konsumvereine. Hrsg. Von Carl Johannes Fuchs - Robert Wilbrandt. Die Konsumvereinsbewegung in Den Einzelnen ländern. Fünfter Teil. (Schriften des Vereins Für Sozialpolitik 150-V). 
250 |a 1st ed. 
264 1 |a Berlin :  |b Duncker & Humblot,  |c 2014. 
264 4 |c {copy}1924. 
300 |a 1 online resource (61 pages) 
336 |a text  |b txt  |2 rdacontent 
337 |a computer  |b c  |2 rdamedia 
338 |a online resource  |b cr  |2 rdacarrier 
490 1 |a Duncker and Humblot Reprints Series 
505 0 |a Intro -- Inhaltsübersicht -- Die Genossenschaftsbewegung in Frankreich. Von Charles Gide (Paris) -- Die Genossenschaftsbewegung in den Vereinigten Staaten von Amerika. Von James Peter Warbasse -- Der Internationale Genossenschaftsbund. Von V. Totomianz, Prag -- Schlußwort. Von R. Wilbrandt. 
588 |a Description based on publisher supplied metadata and other sources. 
590 |a Electronic reproduction. Ann Arbor, Michigan : ProQuest Ebook Central, 2024. Available via World Wide Web. Access may be limited to ProQuest Ebook Central affiliated libraries.  
655 4 |a Electronic books. 
700 1 |a Fuchs, Carl Johannes. 
700 1 |a Wilbrandt, Robert. 
776 0 8 |i Print version:  |a Wilbrandt, Robert  |t Die Konsumgenossenschaftsbewegung in Frankreich und in Den Vereinigten Staaten Von Amerika. - der Internationale Genossenschaftsbund  |d Berlin : Duncker & Humblot,c2014  |z 9783428174621 
797 2 |a ProQuest (Firm) 
830 0 |a Duncker and Humblot Reprints Series 
856 4 0 |u https://ebookcentral.proquest.com/lib/matrademy/detail.action?docID=7101381  |z Click to View